| 000 | nam a22 7a 4500 | ||
|---|---|---|---|
| 999 |
_c128300 _d128300 |
||
| 008 | 181003b xxu||||| |||| 00| 0 eng d | ||
| 020 | _a9781535576178 | ||
| 050 |
_aLB512 _b.P3 |
||
| 100 |
_aRousseau, Jean-Jacques _98735 |
||
| 245 |
_aEmile _cJean-Jacques Rousseau |
||
| 260 | _bPantianos Classics | ||
| 300 |
_a241p. ; _c28cm. |
||
| 650 |
_aEducation _918163 |
||
| 942 |
_2lcc _cMONOGRAPH |
||